[Event "Petrov Mem Open"]
[Site "St Petersburg RUS"]
[Date "2002.02.20"]
[Round "9"]
[White "Izoria,Z"]
[Black "Kornev,Alexe"]
[Result "1/2-1/2"]
[WhiteElo "2547"]
[BlackElo "2536"]

1.c4 c6 2.e4 d5 3.exd5 cxd5 4.cxd5 Nf6 5.Nc3 Nxd5 6.Nf3 g6 7.Qb3 Nb6 8.Bb5+ Bd7
9.Ne5 e6 10.d4 Bg7 11.Ne4 O-O 12.Bg5 Qc7 13.Be7 Re8 14.Bd6 Qd8 15.Nxd7 N6xd7
16.O-O Nc6 17.Bxc6 bxc6 18.Rfd1 Qb6 19.Rac1 Rec8 20.Nc5 Nxc5 21.Bxc5 Qxb3
22.axb3 a5 23.b4 axb4 24.Bxb4 Rab8 25.Ba3 Rb6 26.g3 Ra8 27.Rc4 Bf8 28.Rd3 Raa6
29.Rdc3 Bg7 30.Rc2 g5 31.Kg2 Bf6 32.Bc5 Rb3 33.R4c3 Rb7 34.Rc4 Rd7 35.Rb4 Kg7
36.Rb6  1/2-1/2

[Event "Mario Covas Jr"]
[Site "Sao Paulo BRA"]
[Date "2002.02.24"]
[Round "5"]
[White "Sega,C"]
[Black "Disconzi da Silva,R"]
[Result "1-0"]
[WhiteElo "2291"]
[BlackElo "2415"]

1.c4 c6 2.Nf3 d5 3.g3 Nf6 4.Bg2 dxc4 5.O-O Nbd7 6.Qc2 Nb6 7.a4 a5 8.Na3 Qd5
9.Nh4 Qd4 10.Nf3 Qd5 11.Nh4 Qh5 12.Nxc4 Nxc4 13.Qxc4 g5 14.Bxc6+ Bd7 15.Bxd7+ Nxd7
16.Qb5 Bg7 17.Nf5 Bf6 18.Ra3 Rd8 19.Rd3 Qh3 20.b3 h5 21.Ba3 h4 22.Rc1 hxg3
23.Qxd7+ Rxd7 24.Rc8+  1-0

[Event "8th Hotel Opatija"]
[Site "Kastav CRO"]
[Date "2002.02.25"]
[Round "6"]
[White "Dumpor,A"]
[Black "Glavas,D"]
[Result "1-0"]
[WhiteElo "2328"]
[BlackElo "2291"]

1.c4 c6 2.Nf3 d5 3.e3 e6 4.b3 Bd6 5.Bb2 Nf6 6.Qc2 Nbd7 7.d4 Ne4 8.Bd3 f5
9.Nc3 a6 10.O-O-O Bb4 11.Kb1 Qa5 12.Rc1 Nxc3+ 13.Bxc3 dxc4 14.Bxc4 Nf6 15.Bb2 Ne4
16.Rhd1 Bd7 17.Bd3 Nd6 18.Ne5 O-O-O 19.d5 exd5 20.Nxd7 Rxd7 21.Bxf5 Nxf5
22.Qxf5 Rf8 23.Qc2 g6 24.f3 Bd6 25.h4 Re7 26.e4 Bf4 27.exd5 Bxc1 28.Qxc1 Rd8
29.Bc3 Qc7 30.Bf6 Red7 31.Bxd8 Qxd8 32.Qg5 Qxg5 33.hxg5 Rxd5 34.Rxd5 cxd5
35.Kc2 Kd7 36.f4 Kd6 37.Kc3 b6 38.Kd4 Ke6 39.g4 Kd6 40.f5 a5 41.a4 Kc6 42.Ke5  1-0

[Event "Open"]
[Site "Malaga ESP"]
[Date "2002.02.25"]
[Round "4"]
[White "Matamoros Franco,C"]
[Black "Barria,D"]
[Result "1-0"]
[WhiteElo "2456"]
[BlackElo "2368"]

1.c4 c6 2.e4 e6 3.Nf3 c5 4.Nc3 d6 5.d4 cxd4 6.Nxd4 Nf6 7.g3 Nc6 8.Bg2 Bd7
9.O-O a6 10.Be3 Be7 11.Nb3 b6 12.f4 Rb8 13.Qe2 h5 14.h3 g6 15.Rfd1 Qc7 16.Rac1 Na5
17.Nxa5 bxa5 18.c5 dxc5 19.e5 Nh7 20.Ne4 O-O 21.Bxc5 Bb5 22.Qf2 Bxc5 23.Nxc5 Rfc8
24.Nb3 Qe7 25.Nxa5 Rxc1 26.Rxc1 Rd8 27.Nb7 Rd7 28.Nd6 Rc7 29.Rc5 h4 30.Rxc7 Qxc7
31.gxh4 Nf8 32.Kh2 Bd3 33.h5 gxh5 34.Ne8 Qc2 35.Nf6+ Kh8 36.Qg3 Bg6 37.Qg5 Qxb2
38.Qh6+ Nh7 39.Ne8  1-0

[Event "Jersey Open"]
[Site "St Helier JCI"]
[Date "2002.02.26"]
[Round "3"]
[White "Ellison,D"]
[Black "Goater,K"]
[Result "0-1"]
[WhiteElo "2116"]
[BlackElo "2188"]

1.c4 c6 2.e4 d6 3.d4 Nf6 4.Nc3 Nbd7 5.Be3 e5 6.d5 Be7 7.h3 Qa5 8.Qd2 O-O
9.Nf3 a6 10.Be2 c5 11.O-O Re8 12.Kh2 Nf8 13.g4 Ng6 14.b3 Qd8 15.Rg1 Qd7 16.Rg3 Qd8
17.Rag1 Rb8 18.Bg5 Bd7 19.Bxf6 Bxf6 20.g5 Be7 21.Ne1 b5 22.Ng2 Qa5 23.h4 bxc4
24.bxc4 Rb4 25.h5 Nf8 26.f4 Reb8 27.fxe5 Rb2 28.Qf4 Qc7 29.Rf1 Be8 30.e6 fxe6
31.g6 h6 32.dxe6 Nxe6 33.Qf5 Nd4 34.Qd5+ Kh8 35.Bg4 Bf6 36.Rxf6 gxf6 37.g7+ Qxg7
38.Qxd6 f5 39.Bxf5 Nf3+ 40.Kh3 Ng5+ 41.Rxg5 hxg5 42.Nd5 Bxh5 43.Nge3 a5 44.e5 a4
45.Nf6 Qh6 46.Kg3 Bd1 47.Ng2 Rxg2+ 48.Kxg2 Rb2+ 49.Kg1 Qh2+ 50.Kf1 Qf2+  0-1

[Event "Open"]
[Site "Antalya TUR"]
[Date "2002.02.28"]
[Round "7"]
[White "Sideif Sade,F"]
[Black "Popchev,M"]
[Result "1-0"]
[WhiteElo "2405"]
[BlackElo "2448"]

1.c4 c6 2.Nf3 d5 3.e3 Nf6 4.Nc3 a6 5.Be2 e6 6.O-O b5 7.b3 Nbd7 8.d4 Be7 9.Bd3 O-O
10.Qe2 Bb7 11.Bb2 Qc7 12.Rac1 dxc4 13.bxc4 b4 14.Ne4 Nxe4 15.Bxe4 c5 16.d5 f5
17.Bb1 exd5 18.cxd5 Bxd5 19.Nd4 Bf6 20.Bxf5 Rf7 21.Bxh7+ Kxh7 22.Qh5+ Kg8
23.Qxd5 Re8 24.Ba1 Be5 25.Nf3 Qd6 26.Qc4 Bf6 27.Rfd1 Qe6 28.Bxf6 gxf6 29.Nd2 Kf8
30.Nb3  1-0

[Event "Open"]
[Site "Malaga ESP"]
[Date "2002.03.01"]
[Round "8"]
[White "Suba,M"]
[Black "Jaime Montalvan,L"]
[Result "1-0"]
[WhiteElo "2528"]
[BlackElo "2248"]

1.c4 c6 2.e4 d5 3.exd5 cxd5 4.d4 Nf6 5.Nc3 g6 6.cxd5 Nxd5 7.Qb3 Nb6 8.d5 Bg7
9.Be3 O-O 10.Rd1 Na6 11.Nf3 Bd7 12.Be2 Rc8 13.Bd4 Qc7 14.O-O Rfd8 15.Bxg7 Kxg7
16.Rfe1 Nc5 17.Qb4 Qd6 18.Bb5 Qf6 19.Bxd7 Rxd7 20.Ne5 Rdd8 21.Ng4 Qd6 22.Nb5 Qd7
23.d6 Ne6 24.Ne5 Qe8 25.Nxa7  1-0

[Event "FSGM March"]
[Site "Budapest HUN"]
[Date "2002.03.02"]
[Round "1"]
[White "Varga,Zo"]
[Black "Jakab,A"]
[Result "1-0"]
[WhiteElo "2510"]
[BlackElo "2406"]

1.c4 c6 2.e4 d5 3.cxd5 cxd5 4.exd5 Nf6 5.Bb5+ Bd7 6.Bc4 Qc7 7.d3 g6 8.Nc3 Bg7
9.Nf3 O-O 10.O-O a6 11.a4 b6 12.Re1 Bc8 13.Bg5 Bb7 14.Rc1 Re8 15.Qb3 Qd8
16.Ne5 h6 17.Bh4 g5 18.Bg3 Nh5 19.Nc6 Qd7 20.Bxb8 Raxb8 21.Nxb8 Rxb8 22.Qxb6 Nf4
23.Qe3 Qg4 24.Qg3 Qf5 25.Rxe7 Bf6 26.Re4 Be5 27.Qe3 Bd6 28.Re8+ Rxe8 29.Qxe8+ Kg7
30.Qe4 Qg4 31.Re1 Bc8 32.Ne2 Qh5 33.Qd4+ Kh7 34.Ng3 Qh4 35.Qf6  1-0

[Event "Open"]
[Site "Reykjavik ISL"]
[Date "2002.03.07"]
[Round "1"]
[White "Lie,K"]
[Black "Ingason,S"]
[Result "1-0"]
[WhiteElo "2388"]
[BlackElo "2059"]

1.c4 c6 2.g3 d5 3.Bg2 Nf6 4.Nf3 Bg4 5.Ne5 Bh5 6.cxd5 Nxd5 7.d4 e6 8.O-O Be7
9.Nc3 O-O 10.g4 Bg6 11.e4 Nxc3 12.bxc3 Nd7 13.Nxg6 hxg6 14.Rb1 Qc7 15.f4 Rfd8
16.e5 Rab8 17.f5 g5 18.fxe6 fxe6 19.Qd3 c5 20.Qg6 Nf8 21.Qf7+ Kh8 22.Rf3 Nh7
23.Rh3  1-0

[Event "TCh-AUT 2001-2"]
[Site "Dornbirn AUT"]
[Date "2002.03.10"]
[Round "11"]
[White "Chernin,A"]
[Black "Mueller,Ka"]
[Result "1/2-1/2"]
[WhiteElo "2590"]
[BlackElo "2517"]

1.c4 c6 2.d4 d5 3.Nf3 Nf6 4.Qc2 dxc4 5.Qxc4 b5 6.Qc2 Bb7 7.Bg5 Nbd7 8.e4 h6
9.Bxf6 exf6 10.Be2 Bd6 11.O-O O-O 12.Nh4 Re8 13.Nc3  1/2-1/2

[Event "Open"]
[Site "Reykjavik ISL"]
[Date "2002.03.11"]
[Round "5"]
[White "Ingason,S"]
[Black "Halldorsson,Br"]
[Result "0-1"]
[WhiteElo "2059"]
[BlackElo "2236"]

1.c4 c6 2.b3 d5 3.Bb2 Bf5 4.Nf3 Nd7 5.g3 e6 6.Bg2 h6 7.O-O Ngf6 8.d3 Be7
9.Nbd2 O-O 10.Qc2 Qc7 11.a3 Rfd8 12.cxd5 exd5 13.b4 a6 14.Bd4 Re8 15.Qb2 Bd6
16.Rfe1 Bh7 17.Rac1 Re7 18.Nb3 Rae8 19.Nc5 Ne5 20.Bxe5 Bxe5 21.Nxe5 Rxe5
22.d4 R5e7 23.Qd2 Bf5 24.a4 Qc8 25.a5 Bh3 26.Bf3 Ne4 27.Qc2 Ng5 28.Bh1 Bg4
29.e4 Bf3  0-1

[Event "Open"]
[Site "Reykjavik ISL"]
[Date "2002.03.11"]
[Round "5"]
[White "Miezis,N"]
[Black "Kiss,Pa"]
[Result "0-1"]
[WhiteElo "2498"]
[BlackElo "2390"]

1.c4 c6 2.e4 d5 3.exd5 cxd5 4.cxd5 Nf6 5.Nc3 Nxd5 6.Nf3 Nc6 7.Bb5 e6 8.O-O Be7
9.d4 O-O 10.Re1 Bd7 11.Ne4 Qb6 12.Ba4 Rfd8 13.Bg5 Be8 14.Bb3 Bxg5 15.Nexg5 h6
16.Ne4 Nde7 17.Rc1 Nxd4 18.Nxd4 Rxd4 19.Qh5 Bc6 20.Nc5 Bd5 21.Nd7 Qd6 22.Ne5 Rf8
23.Bc2 Nc6 24.Ng4 Qf4 25.f3 Rd2 26.Be4 Bxe4 27.fxe4 Rxb2 28.e5 Rxa2 29.Re3 Nd4
30.Rf1 Qg5 31.Qh3 Ne2+ 32.Kh1 Nf4 33.Qf3 h5 34.Nf2 Nxg2 35.Rd3 Nh4 36.Qh3 Qf5
37.Qg3 Ng6 38.Re3 Rd8 39.Kg1 h4 40.Qg2 Rdd2 41.Rc3  0-1

[Event "Open"]
[Site "Reykjavik ISL"]
[Date "2002.03.11"]
[Round "5"]
[White "Lie,K"]
[Black "Stefanova,A"]
[Result "1/2-1/2"]
[WhiteElo "2388"]
[BlackElo "2451"]

1.c4 c6 2.g3 d5 3.Bg2 Nf6 4.Nf3 Bf5 5.cxd5 cxd5 6.Qb3 Qc8 7.Nc3 e6 8.O-O Nc6
9.d3 Be7 10.Bf4 O-O 11.Rac1 Nh5 12.Bd2 Qd7 13.e4 dxe4 14.dxe4 Bg4 15.Be3 Na5
16.Qb5 Qxb5 17.Nxb5 a6 18.Nbd4 Rac8 19.Ne5 Nf6 20.h3 Bh5 21.g4 Bg6 22.g5 Nh5
23.Rfd1 Rxc1 24.Rxc1 Bd6 25.Nd3 b5 26.b3 Rd8 27.Ne2 Ba3 28.Rc3 b4 29.Rc7 h6
30.Ne5 Rd1+ 31.Kh2 Bb2 32.Nxg6 fxg6 33.Rc2 Be5+ 34.f4 Rd3 35.fxe5 Rxe3 36.gxh6 Nc6
37.hxg7 Kxg7 38.Bf1 Nxe5 39.Nd4 Nf4 40.Rf2 g5 41.Nc2 Rc3 42.Nxb4 a5 43.Nc2 Nf3+
44.Kh1 Kf6 45.b4 axb4 46.Nxb4 Ne1 47.a4 Ra3 48.Ra2 Rb3 49.a5 Rxb4 50.a6 Nf3
51.Ra3 Nd2 52.a7 Rb1 53.e5+ Kxe5 54.a8=Q Rxf1+ 55.Kh2 Rf2+ 56.Kg3 Ne4+ 57.Qxe4+ Kxe4
58.Kxf2 Kf5 59.Kg3  1/2-1/2

[Event "Open"]
[Site "Reykjavik ISL"]
[Date "2002.03.14"]
[Round "8"]
[White "Fridjonsson,J"]
[Black "Thorfinnsson,Bj"]
[Result "0-1"]
[WhiteElo "2200"]
[BlackElo "2279"]

1.c4 c6 2.g3 d5 3.Bg2 Nf6 4.Nf3 d4 5.d3 e5 6.O-O Bd6 7.e3 dxe3 8.Bxe3 Bg4
9.Qb3 Qc8 10.d4 Bxf3 11.Bxf3 Nbd7 12.Nc3 O-O 13.d5 c5 14.Bg2 a6 15.a4 Ne8
16.f4 f5 17.fxe5 Bxe5 18.Ne2 Rb8 19.Bf4 Nd6 20.Bxe5 Nxe5 21.Rac1 b5 22.axb5 axb5
23.cxb5 c4 24.Qb4 Qd7 25.Nf4 Rxb5 26.Qc3 Qa7+ 27.Kh1 Ng4 28.Ne6 Rb3 29.Qe1 Rfb8
30.Rc2 Ne3 31.Qf2 R3b7 32.Qf4 Nxf1 33.Qxd6 Qa1  0-1

[Event "TCh-ISR"]
[Site "ISR"]
[Date "2002.03.15"]
[Round "7"]
[White "Manor,I"]
[Black "Pasman,M"]
[Result "0-1"]
[WhiteElo "2502"]
[BlackElo "2310"]

1.c4 c6 2.d4 d5 3.Nf3 Nf6 4.Nc3 dxc4 5.Ne5 b5 6.g3 Bb7 7.Bg2 Nbd7 8.Nxc6 Qb6
9.d5 e6 10.O-O b4 11.Na4 Qa6 12.dxe6 Bxc6 13.exd7+ Nxd7 14.b3 c3 15.e4 Rd8
16.Bg5 f6 17.Be3 Ne5 18.Qc2 Qd3 19.Rfc1 Qxc2 20.Rxc2 Bxa4 21.bxa4 a5 22.Bf1 Nf3+
23.Kg2 Nd4 24.Rcc1 Bc5 25.Bc4 Ke7 26.Rd1 Ne6 27.Bxe6 Bxe3 28.Bb3 Bd2 29.a3 bxa3
30.Rxa3 Rb8  0-1

[Event "Open"]
[Site "Reykjavik ISL"]
[Date "2002.03.15"]
[Round "9"]
[White "Ptacnikova,L"]
[Black "Stefanova,A"]
[Result "0-1"]
[WhiteElo "2239"]
[BlackElo "2451"]

1.c4 c6 2.g3 d5 3.Bg2 dxc4 4.Na3 Be6 5.Qc2 Bd5 6.e4 Be6 7.Nxc4 Na6 8.Qc3 Nf6
9.d4 g6 10.Ne2 Bg7 11.O-O O-O 12.Nf4 Bc8 13.e5 Nd5 14.Nxd5 cxd5 15.Ne3 e6
16.Ng4 h5 17.Ne3 Bd7 18.Qb3 Qb6 19.Qxb6 axb6 20.Bd2 Nc7 21.Bb4 Rfc8 22.Rfd1 f6
23.f4 fxe5 24.dxe5 Kh7 25.h4 Na6 26.Bd6 Nc5 27.Nf1 Rc6 28.Nh2 Kg8 29.Be7 Kf7
30.Bd6 Ke8 31.Nf3 Ne4 32.Nd4 Nxg3 33.Nxc6 Bxc6 34.Bf1 Nf5 35.Bd3 Nxd6 36.Bxg6+ Nf7
37.Bxh5 Ke7 38.Rd4 Rh8 39.Be2 Rxh4 40.Rad1 Bh6 41.Rb4 Bxf4 42.Kg2 d4+ 43.Kf2 Rh2+
44.Ke1 Bg3+ 45.Kd2 Bf3  0-1

[Event "Open"]
[Site "Reykjavik ISL"]
[Date "2002.03.15"]
[Round "9"]
[White "Thorsteinsson,T"]
[Black "Thorsteinsson,E"]
[Result "1-0"]
[WhiteElo "2332"]
[BlackElo "2142"]

1.c4 c6 2.Nc3 d5 3.cxd5 cxd5 4.d4 Nf6 5.Nf3 e6 6.Bf4 Bd6 7.Bg3 Ne4 8.e3 Bxg3
9.hxg3 Nd6 10.Bd3 Qb6 11.Qe2 Nc6 12.Rc1 Bd7 13.Ne5 Nxe5 14.dxe5 Nc4 15.Bxc4 dxc4
16.O-O Bc6 17.Qxc4 Qxb2 18.Rb1 Qc2 19.Rfc1 Qf5 20.Qc5 f6 21.Nb5 Qxe5 22.Qxe5 fxe5
23.Nc7+ Kd7 24.Nxa8 Rxa8 25.f3 e4 26.Kf2 Rf8 27.f4 Rf5 28.a3 Ra5 29.Rc3 Rd5
30.Rb2 Rd1 31.g4 h6 32.Rcc2 Ra1 33.Rd2+ Ke7 34.Rb3 a5 35.Rc3 Bd5 36.Rb2 Kd7
37.Rb5 a4 38.Rbc5 Kd6 39.Rc7 Rxa3 40.Rxa3 Kxc7 41.Rxa4 b5 42.Ra7+ Bb7 43.Ke1 Kb6
44.Ra1 b4 45.Kd2 Kb5 46.Kc2 Kc4 47.Rd1 Bd5 48.Kb2 Kc5 49.Rd4 b3 50.Ra4 Kb6
51.Kc3 Kb7 52.Kd4 Kb6 53.Rb4+ Kc6 54.g3 Kd6 55.Rb6+ Ke7 56.Ke5 Bc4 57.Kxe4 Kf6
58.Kf3 Kf7 59.Rb4 Bd5+ 60.e4 Bc6 61.Rxb3 Ba4 62.Rb1 Bc2 63.Rc1 Bb3 64.Ke3 Ba4
65.Kd4 Bb5 66.Rc5 Be2 67.g5 hxg5 68.Rxg5 Kg8 69.Ra5 Bd1 70.Ke3 g6 71.Kd4 Be2
72.Ra2 Bd1 73.Ra8+  1-0

[Event "13th Goodricke"]
[Site "Calcutta IND"]
[Date "2002.03.17"]
[Round "1"]
[White "Sorokin,M"]
[Black "Suvrajit,S"]
[Result "1-0"]
[WhiteElo "2551"]
[BlackElo "2346"]

1.c4 c6 2.Nf3 Nf6 3.Nc3 d5 4.e3 e6 5.Qc2 Nbd7 6.d4 Bd6 7.Bd3 O-O 8.O-O dxc4
9.Bxc4 e5 10.h3 h6 11.a3 exd4 12.exd4 Nb6 13.Ba2 Nbd5 14.Bd2 Be6 15.Na4 Qc8
16.Bb1 Nf4 17.Bxf4 Bxf4 18.Nc5 Bd5 19.Ne5 Re8 20.Re1 h5 21.Re2 Re7 22.Qc3 Qc7
23.Bc2 Rae8 24.Rae1 Kf8 25.b4 a6 26.g3 Bh6 27.Qd3 g6 28.h4 Kg7 29.Bb3 Bxb3
30.Qxb3 Nd5 31.Qf3 Qc8 32.Nc4 Qc7 33.Re5 Kg8 34.Rxe7 Rxe7 35.Rxe7 Qxe7 36.Na5 Bg7
37.Ncxb7 Bxd4 38.Nxc6 Qe1+ 39.Kg2 Bb6 40.Nbd8 Bxd8 41.Nxd8 Nc3 42.Qxf7+ Kh8
43.Qf8+ Kh7 44.Nf7 g5 45.Nxg5+ Kg6 46.Qf7+  1-0

[Event "TCh-FIN 2001-02"]
[Site "FIN"]
[Date "2002.03.17"]
[Round "9"]
[White "Valkesalmi,K"]
[Black "Lampen,T"]
[Result "0-1"]
[WhiteElo "2363"]
[BlackElo "2314"]

1.c4 c6 2.Nf3 d5 3.b3 Nf6 4.Bb2 Nbd7 5.g3 e6 6.Bg2 Bd6 7.O-O O-O 8.d3 e5
9.Nc3 b6 10.cxd5 cxd5 11.Nh4 Bb7 12.Nf5 Bb8 13.d4 e4 14.Ba3 Re8 15.Qd2 Nf8
16.Rac1 g6 17.Ne3 Qd7 18.Rc2 h5 19.Ned1 Ne6 20.Bh3 Qd8 21.f4 exf3 22.exf3 Nh7
23.Bg2 h4 24.Ne2 hxg3 25.hxg3 Kg7 26.Kf2 Nhg5 27.Rh1 Rh8 28.Rxh8 Qxh8 29.Qe1 Qd8
30.Kg1  0-1

[Event "13th Goodricke"]
[Site "Calcutta IND"]
[Date "2002.03.22"]
[Round "6"]
[White "Lalic,B"]
[Black "Sriram,J"]
[Result "1-0"]
[WhiteElo "2523"]
[BlackElo "2408"]

1.c4 c6 2.e4 d5 3.cxd5 cxd5 4.exd5 Nf6 5.Nc3 g6 6.d4 Bg7 7.Bc4 O-O 8.Nge2 Nbd7
9.Bg5 Nb6 10.Bxf6 Bxf6 11.Bb3 Bg4 12.f3 Bf5 13.Ng3 Qd7 14.O-O Rac8 15.Nge4 Bg7
16.Kh1 Nc4 17.Nc5 Nxb2 18.Qd2 Qc7 19.Rac1 b6 20.Nb5 Qd8 21.Ne4 Qd7 22.Qe2 Bh6
23.Rxc8 Rxc8 24.d6 Rc1 25.Rxc1 Bxc1 26.Nbc3 Kg7 27.Qc2 Bxe4 28.Nxe4  1-0

[Event "Open"]
[Site "Mar del Plata ARG"]
[Date "2002.03.24"]
[Round "3"]
[White "Kanefsck,G"]
[Black "Arambel,S"]
[Result "1/2-1/2"]
[WhiteElo "2395"]
[BlackElo "2225"]

1.c4 c6 2.b3 d5 3.Bb2 Bf5 4.Nf3 e6 5.g3 Nf6 6.Bg2 Be7 7.O-O O-O 8.d3 h6 9.Nbd2 Bh7
10.Qc2 a5 11.a3 Na6 12.Ne5 Nd7 13.Nxd7 Qxd7 14.Nf3 Rfc8 15.Bc3 Qd8 16.Qb2  1/2-1/2

[Event "13th Goodricke"]
[Site "Calcutta IND"]
[Date "2002.03.25"]
[Round "9"]
[White "Ravi,L"]
[Black "Prakash,G"]
[Result "1/2-1/2"]
[WhiteElo "2395"]
[BlackElo "2451"]

1.c4 c6 2.e4 d5 3.exd5 cxd5 4.d4 Nf6 5.Nc3 e6 6.Nf3 Be7 7.cxd5 Nxd5 8.Bc4 Nxc3
9.bxc3 Nc6 10.O-O O-O 11.Bd3 b6 12.Qc2 g6 13.h4 Bxh4 14.Bb5 Bb7 15.Qe4 Nxd4
16.Qxd4 Bxf3 17.gxf3 Bf6 18.Qxd8 Rfxd8 19.Be3 Bxc3 20.Rad1 Kg7 21.f4 h5 22.Rxd8 Rxd8
23.Rc1 Bd4 24.a4 Bxe3 25.fxe3 Rd2 26.Rc7 h4 27.Rxa7 Kf6 28.e4 e5 29.fxe5+ Kxe5
30.Rxf7 Kxe4 31.Rf6 g5 32.Rxb6 g4 33.Bc6+ Kf4 34.a5 h3 35.a6 Rd4 36.Kh2 Rd2+
37.Kg1 Rd1+ 38.Kh2 Rd2+ 39.Kg1 Rd1+  1/2-1/2

[Event "Supercom Cup"]
[Site "Bucharest ROM"]
[Date "2002.03.28"]
[Round "11"]
[White "Bets,A"]
[Black "Dumitrache,D"]
[Result "1/2-1/2"]
[WhiteElo "2383"]
[BlackElo "2506"]

1.c4 c6 2.Nf3 d5 3.e3 Bg4 4.d4 e6 5.Nc3 Nd7 6.h3 Bh5 7.Bd2 Ngf6 8.Rc1 Bd6
9.cxd5 exd5 10.Be2 O-O 11.O-O Re8  1/2-1/2

[Event "Suetin Mem"]
[Site "Tula RUS"]
[Date "2002.03.30"]
[Round "8"]
[White "Turov,M"]
[Black "Kotanjian,T"]
[Result "0-1"]
[WhiteElo "2563"]
[BlackElo "2387"]

1.c4 c6 2.e4 d5 3.exd5 cxd5 4.d4 Nf6 5.Nc3 e6 6.Nf3 Bb4 7.cxd5 Nxd5 8.Qc2 Nc6
9.Be2 O-O 10.O-O Be7 11.a3 Bd7 12.Nxd5 exd5 13.Qb3 Bf5 14.Bd2 Qd7 15.Bb5 Be4
16.Bxc6 Qxc6 17.Ne5 Qc2 18.Qxc2 Bxc2 19.Bb4 Rfe8 20.Rfc1 Rac8 21.Bxe7 Rxe7
22.Ng4 Rec7 23.Ne3 Bb3 24.Rxc7 Rxc7 25.Kf1 f5 26.g3 g5 27.Nxf5 Rc2 28.Re1 Rxb2
29.Re7 a5 30.Kg2 b5 31.Rb7 Bc4 32.a4 b4 33.Ne7+ Kf8 34.Nc6 g4 35.h3 h5 36.hxg4 hxg4
37.Rb8+ Kg7 38.Nxa5 Bd3 39.Nc6 Be4+ 40.Kf1 Bf3 41.Ke1 Re2+ 42.Kd1 Re6+ 43.Kd2 Rxc6
44.Rxb4 Ra6 45.Ke3 Kf6 46.Kf4  0-1

[Event "FSIMA April"]
[Site "Budapest HUN"]
[Date "2002.04.03"]
[Round "2"]
[White "Hardicsay,P"]
[Black "Vismara,D"]
[Result "0-1"]
[WhiteElo "2312"]
[BlackElo "2295"]

1.c4 c6 2.e4 d5 3.exd5 cxd5 4.d4 Nf6 5.Nc3 Nc6 6.Nf3 Bg4 7.cxd5 Nxd5 8.Qb3 Bxf3
9.gxf3 e6 10.Qxb7 Nxd4 11.Bb5+ Nxb5 12.Qc6+ Ke7 13.Qxb5 Qd7 14.Nxd5+ Qxd5
15.Bg5+ f6 16.Qxd5 exd5 17.Be3 Ke6 18.O-O-O Bb4 19.Rd3 Rhd8 20.Rg1 Rd7 21.h3 Rc8+
22.Kb1 Rc4 23.Rg4 Rdc7 24.a3 h5 25.Rg1 Ba5 26.Rgd1 Rd7 27.Bd4 Bb6 28.Be3 Rh4
29.Rh1 d4 30.Bd2 Kd5 31.b3 g5 32.Kc2 g4 33.f4 Rc7+ 34.Kd1 Bc5 35.Bc1 Ke4
36.Rg3 Bd6 37.Re1+ Kd5 38.hxg4 Rxc1+ 39.Kxc1 Bxf4+ 40.Kc2 Bxg3 41.fxg3 Rxg4
42.Rh1 Rxg3 43.Rxh5+ Rg5 44.Rh7 a5 45.Rf7 Rf5 46.a4 Ke4 47.Rh7 d3+ 48.Kd1 Rf1+
49.Kd2 Rf2+ 50.Kd1 f5 51.Ra7 Ke3 52.Re7+ Kd4 53.Rc7 f4 54.Rc8 f3 55.Rf8 Kc3
56.Rc8+ Kxb3 57.Rd8 d2 58.Rd6 Kc3 59.Rd3+ Kc4 60.Rd7 Rh2 61.Rxd2 Rxd2+ 62.Kxd2 Kd4  0-1

[Event "FIDE GP"]
[Site "Dubai UAE"]
[Date "2002.04.03"]
[Round "1.4"]
[White "Bareev,E"]
[Black "Ivanchuk,V"]
[Result "0-1"]
[WhiteElo "2707"]
[BlackElo "2717"]

1.c4 c6 2.d4 d5 3.Nf3 Nf6 4.e3 Bf5 5.Nc3 e6 6.Nh4 Be4 7.f3 Bg6 8.Qb3 Qc7
9.Bd2 Be7 10.O-O-O Nbd7 11.cxd5 Nxd5 12.Nxg6 hxg6 13.h3 a5 14.a3 b5 15.Nxd5 exd5
16.Kb1 Nb6 17.e4 Nc4 18.exd5 a4 19.Qc2 cxd5 20.Bd3 Rb8 21.Rhe1 O-O 22.Bxc4 bxc4
23.Qxa4 Ra8 24.Qb5 Bxa3 25.Bc3 Rfb8 26.Qxd5 Bxb2  0-1

[Event "XI ch-MKD"]
[Site "Gevgelija MKD"]
[Date "2002.04.06"]
[Round "6"]
[White "Stamenkov,V"]
[Black "Kutirov,R"]
[Result "0-1"]
[WhiteElo "2417"]
[BlackElo "2367"]

1.c4 c6 2.d4 d5 3.Nf3 Nf6 4.e3 a6 5.Nbd2 Bf5 6.Be2 h6 7.O-O e6 8.Ne5 Be7
9.f4 h5 10.h3 h4 11.Qb3 Ra7 12.Bd3 g6 13.Ndf3 Ne4 14.cxd5 cxd5 15.Qa4+ Kf8
16.Bxe4 b5 17.Qb3 dxe4 18.Nh2 f6 19.Neg4 Qd5 20.Bd2 Nc6 21.Rfc1 Rc7 22.Rc2 Ke8
23.Rac1 Kd7 24.Be1 Rcc8 25.Bd2 a5 26.Qxd5+ exd5 27.a3 a4 28.Be1 Be6 29.Kf1 Na7
30.Rxc8 Nxc8 31.Ba5 Ke8 32.Rc6 Kf7 33.Rc7 Bxg4 34.Nxg4 Ke6 35.Rc6+ Nd6 36.Bb4 Rc8
37.Rb6 Rc1+ 38.Ke2 Rc2+ 39.Kd1 Rxb2 40.Bxd6 Bxd6 41.Nxf6 b4 42.Ng4 Rxg2 43.axb4 a3
44.Ra6 a2 45.Kc1 Ke7 46.b5 Bb4 47.b6 Bd2+ 48.Kc2 Ba5+  0-1

[Event "1st It"]
[Site "Asuncion PAR"]
[Date "2002.04.08"]
[Round "1"]
[White "Valiente,C"]
[Black "Gomez Baillo,J"]
[Result "1/2-1/2"]
[WhiteElo "2331"]
[BlackElo "2456"]

1.c4 c6 2.Nf3 Nf6 3.d4 d5 4.Qc2 e6 5.g3 Nbd7 6.Bg2 Bd6 7.O-O O-O 8.Nbd2 Re8
9.b3 e5 10.cxd5 cxd5 11.dxe5 Nxe5 12.Bb2 Nc6 13.Rfe1 Bg4 14.Rad1 Bh5 15.Qb1 Bg6
16.Qa1 Nb4 17.Nd4 Bc5 18.N2f3 Qb6 19.Rf1 a5 20.a3 Nc6 21.e3 Rac8 22.Rc1 Bf8
23.Bh3 Rcd8 24.Qa2 Ne4 25.Ba1 Nc5 26.Rc3 Ne4 27.Rcc1 Nc5 28.Rc3 Ne4 29.Rcc1 Nc5  1/2-1/2

[Event "Golden Cleopatra"]
[Site "Cairo EGY"]
[Date "2002.04.09"]
[Round "3"]
[White "Elmahdy,A"]
[Black "Sadek,S"]
[Result "1-0"]
[WhiteElo "2126"]
[BlackElo "2183"]

1.c4 c6 2.e3 d5 3.Nf3 Nf6 4.Nc3 g6 5.Be2 Bg7 6.d4 O-O 7.O-O Ne4 8.cxd5 Nxc3
9.bxc3 cxd5 10.c4 Nc6 11.Rb1 e5 12.dxe5 dxc4 13.Bxc4 Nxe5 14.Nxe5 Bxe5 15.Bd5 Qc7
16.h3 Rd8 17.Qb3 Rb8 18.e4 Rd6 19.Be3 b6 20.Rfc1 Qe7 21.f4 Bg7 22.Bc5 bxc5
23.Qxb8 Rd8 24.Qb3 Bd4+ 25.Kh2 Kg7 26.Qf3 h5 27.Rf1 Ba6 28.Rfc1 Bc8 29.Rb3 a5
30.Rb6 Qc7 31.Rc6 Qb8 32.Qg3 Qb2 33.Rf1 Bb7 34.Rc7 Bxd5 35.exd5 Rxd5 36.Qb3 Qxb3
37.axb3 Bc3 38.Rf3 Bb4 39.Re3 h4 40.g3 Rd2+ 41.Kh1 hxg3 42.Rxg3 Kf6 43.Re3 Rd8
44.Kg2 Rf8 45.Kf3 Kg7 46.Kg4 Kf6 47.h4 Kg7 48.f5 Kh6 49.f6  1-0

[Event "FSGMB April"]
[Site "Budapest HUN"]
[Date "2002.04.10"]
[Round "9"]
[White "Nyback,T"]
[Black "Pinter,G"]
[Result "1-0"]
[WhiteElo "2420"]
[BlackElo "2363"]

1.c4 c6 2.Nf3 d5 3.b3 Nf6 4.g3 Bg4 5.Bg2 e6 6.O-O Nbd7 7.Bb2 Bd6 8.Na3 O-O
9.d3 a5 10.Nc2 Qe7 11.Ne3 Bh5 12.a3 Rfc8 13.Nd4 Bg6 14.Qd2 Nc5 15.Bc3 e5
16.Ndf5 Qd7 17.Bh3 d4 18.Nh6+ gxh6 19.Bxd7 Nfxd7 20.f4 dxc3 21.Qxc3 exf4
22.gxf4 Re8 23.Ng4 Bf8 24.d4 Bg7 25.Ne5 Nxe5 26.dxe5 Bf5 27.Qf3 Re6 28.Qh5 Rg6+
29.Kf2 Bg4 30.Qh4 f6 31.Rg1 Bf5 32.Qh5 Rxg1 33.Rxg1 Bg6 34.Rxg6 hxg6 35.Qxg6 fxe5
36.b4 axb4 37.axb4 Nb3 38.fxe5 Nd4 39.Ke3 c5 40.e6 Ra6 41.Qf7+ Kh7 42.e7  1-0

[Event "Classics IMA"]
[Site "Gausdal NOR"]
[Date "2002.04.13"]
[Round "3"]
[White "Kourkounakis,I"]
[Black "Wikstrom,P"]
[Result "1-0"]
[WhiteElo "2389"]
[BlackElo "2255"]

1.c4 c6 2.e4 e5 3.Nf3 Nf6 4.Nc3 Bb4 5.Nxe5 Qe7 6.Nd3 Bxc3 7.dxc3 Qxe4+ 8.Qe2 O-O
9.Qxe4 Nxe4 10.Be2 d5 11.cxd5 cxd5 12.f3 Nf6 13.Bg5 Nc6 14.Kf2 d4 15.c4 Bf5
16.Nf4 Nd7 17.g4 f6 18.Bh4 g5 19.gxf5 gxf4 20.Rhg1+ Kf7 21.Rg4 Nde5 22.Rxf4 d3
23.Bd1 Rad8 24.Re4 Rd4 25.c5 d2 26.Bb3+ Ke7 27.Rg1 Kd8 28.Rd1 Kc7 29.Ke2 a5
30.Rxd2 Nxf3 31.Bg3+ Kd8 32.Rdxd4+ Nfxd4+ 33.Kd3 Nxf5 34.Bf4 Nfd4 35.Rxd4+ Nxd4
36.Kxd4 Re8 37.Bd5 Kc8 38.Be4 h5 39.b3 h4 40.h3 Rg8 41.Bf5+ Kd8 42.Bd2 Rg2
43.Bxa5+ Ke7 44.Be1  1-0

[Event "Golden Cleopatra"]
[Site "Cairo EGY"]
[Date "2002.04.14"]
[Round "8"]
[White "Rausis,I"]
[Black "Sriram,J"]
[Result "1-0"]
[WhiteElo "2466"]
[BlackElo "2408"]

1.c4 c6 2.e4 d5 3.exd5 cxd5 4.d4 Nf6 5.Nc3 e6 6.Nf3 Bb4 7.cxd5 Nxd5 8.Bd2 Nc6
9.Bd3 O-O 10.O-O Be7 11.a3 Nf6 12.Be3 b6 13.Qe2 Bb7 14.Rad1 Rc8 15.Rfe1 Na5
16.Ne5 Bxa3 17.d5 exd5 18.Bf5 Bb4 19.Bg5 Rxc3 20.bxc3 Bxc3 21.Bxh7+ Kxh7
22.Bxf6 Qxf6 23.Nd7 Qd6 24.Nxf8+ Kg8 25.Qd3 Bxe1 26.Qh7+ Kxf8 27.Qh8+ Ke7
28.Rxe1+ Kf6 29.Re3 Qb4 30.h4 Nc6 31.Qh5 g6 32.Qh8+ Kf5 33.Qe8 Qb1+ 34.Kh2 Kf6
35.Rf3+ Qf5 36.Rxf5+ gxf5 37.h5 Ne5 38.Kg3 Bc6 39.Qd8+ Ke6 40.Kf4 f6 41.Qg8+ Kd7
42.h6  1-0

[Event "Classics IMB"]
[Site "Gausdal NOR"]
[Date "2002.04.14"]
[Round "4"]
[White "Leer Salvesen,B"]
[Black "Hole,O"]
[Result "1/2-1/2"]
[WhiteElo "2293"]
[BlackElo "2248"]

1.c4 c6 2.Nf3 d5 3.d4 Nf6 4.e3 Bf5 5.Nc3 e6 6.Bd3 Bxd3 7.Qxd3 Nbd7 8.O-O Be7
9.b3 O-O 10.Bb2 Re8 11.e4 dxe4 12.Nxe4 Nxe4 13.Qxe4 Nf6 14.Qc2 Qa5 15.Rfd1 Ba3
16.Bc3 Bb4 17.Bb2 Ba3 18.Bc3 Bb4 19.Bxb4 Qxb4 20.a3 Qb6 21.b4 a5 22.Rab1 axb4
23.Rxb4 Qc7 24.Qb2 Ra7 25.Rb1 Rb8 26.h3 h6 27.c5 Nd7 28.a4 Kh8 29.Kh1 Kg8
30.Kg1 Kh8 31.Ra1 Ra5 32.Nd2 b5 33.cxb6 Rxb6 34.Nc4 Rxb4 35.Qxb4 Ra7 36.Qe7 Kg8
37.Nd6 Nb6 38.Qxc7 Rxc7 39.a5 Ra7 40.Rb1 Nd5 41.Rb8+ Kh7 42.Nc4 g5 43.Rc8 Ne7
44.Rb8 Nd5 45.Ne5 Rxa5 46.Rb7 Ra4 47.Nxf7 Kg6 48.Ne5+ Kf5 49.Nxc6 Rc4 50.Ne7+ Nxe7
51.Rxe7 Rxd4  1/2-1/2

[Event "1st It"]
[Site "Asuncion PAR"]
[Date "2002.04.15"]
[Round "7"]
[White "Franco Ocampos,Z"]
[Black "Gomez Baillo,J"]
[Result "1/2-1/2"]
[WhiteElo "2510"]
[BlackElo "2456"]

1.c4 c6 2.d4 d5 3.Nf3 Nf6 4.e3 a6 5.Qc2 g6 6.Bd3 Bg7 7.b3 dxc4 8.bxc4 c5
9.Bb2 cxd4 10.exd4 O-O 11.O-O Nc6 12.a3 Bg4 13.Nbd2 Rc8  1/2-1/2